| 000 | 00719nam a2200205 i 4500 | ||
|---|---|---|---|
| 001 | 27157 | ||
| 003 | ES-MaACL | ||
| 005 | 20250801092158.0 | ||
| 007 | t| | ||
| 008 | 030113s1919 sp |||| | spa d | ||
| 100 | 1 |
_aArroyo, César E. _923351 |
|
| 245 | 1 | 0 |
_aRomancero del pueblo ecuatoriano _b: (conferencia leída en el Ateneo de Madrid, en el curso de "Figuras del romancero") / _cCésar E. Arroyo. |
| 260 |
_aMadrid : _b[s.n.], _c1919 ( _fImp. Meróx de Paños, 8) |
||
| 300 |
_a36 p. ; _c17 cm. |
||
| 610 | 2 | 4 |
_aAteneo de Madrid- _vConferencias- _y1900-1939 _91907 |
| 650 | 0 | 7 |
_aLiteratura ecuatoriana _2embne _9166019 |
| 710 | 2 |
_aAteneo de Madrid. _91875 |
|
| 852 |
_aES-MaACL _j1578-F-11 |
||
| 999 |
_c27157 _d27157 |
||